000 00640nam a2200205 4500
001 144560
003 ES-MaACL
005 20260220164607.0
007 t|
008 070214s1951 sp r ||||1| spa d
100 1 _aSimenon, Georges,
_d1903-1989
_9106467
245 1 3 _aEl clan de los onstendenses /
_cGeorges Simenon ; traducción de F. Cañameras.
260 _aBarcelona :
_bAymá,
_c1951.
300 _a203 p. ;
_c18 cm.
490 1 _aCol. albor ;
_v19
700 1 _aCanyameres, Ferran,
_d1898-1964
_934731
830 0 0 _aColección Albor
_v19
_9241746
852 _aES-MaACL
_jD-8796
_bR.32039
999 _c144560
_d144560